| 000 | 00361nam a22001337a 4500 | ||
|---|---|---|---|
| 020 | _qPB. | ||
| 040 | _cFIZZA ISHAQ | ||
| 082 |
_a823.8 _bARN |
||
| 100 |
_aJACOBSON,ARNIE. _9133489 |
||
| 245 |
_aCLIFS NOTES ON DICKENS GREAT EXPECTIONS / _cARNIE JACOBSON, |
||
| 260 |
_aNEW YORK ; _bCliff's notes, inc. _c1993. |
||
| 300 |
_a61 P. ; _c8.1X5.1IN |
||
| 942 |
_2ddc _cBK |
||
| 999 |
_c616453 _d616453 |
||